Participatory and self-managed firms: evaluating economic performance (Record no. 39500)

MARC details
000 -LEADER
fixed length control field 00405nam a2200145Ia 4500
008 - FIXED-LENGTH DATA ELEMENTS--GENERAL INFORMATION
fixed length control field 230917s9999||||xx |||||||||||||| ||und||
040 ## - CATALOGING SOURCE
-- 74685
Original cataloging agency VIVEKANANDA LIBRARY
041 ## - Language
-- English
082 ## - DDC NUMBER
Classification number 338.6 J713P
100 ## - MAIN ENTRY--PERSONAL NAME
Personal name Jones, Derek C, ed
245 #0 - TITLE STATEMENT
Title Participatory and self-managed firms: evaluating economic performance
260 ## - PUBLICATION, DISTRIBUTION, ETC. (IMPRINT)
Place of publication, distribution, etc Lexington
Name of publisher, distributor, etc Lexington Books
Date of publication, distribution, etc 1982
300 ## - PHYSICAL DESCRIPTION
Pages vii, 358 p.
942 ## - ADDED ENTRY ELEMENTS (KOHA)
Koha item type Books
Holdings
Withdrawn status Lost status Damaged status Not for loan Location (home branch) Sublocation or collection (holding branch) Date acquired Koha issues (times borrowed) Koha full call number Accession No. Koha date last seen Koha item type
        VIVEKANANDA LIBRARY VIVEKANANDA LIBRARY 21/02/2003   338.6 J713P 105278 17/09/2023 Books
© Designed and Maintained by Vivekananda Library, MDU Rohtak